A hombros de gigantes

Enregistré dans:
Détails bibliographiques
Auteur principal: Elena, Alberto (Auteur)
Format: Livre
Langue:espagnol
Publié: Madrid Alianza 1989
Collection:Alianza universidad, 586
Sujets:
Tags: Ajouter un tag
Pas de tags, Soyez le premier à ajouter un tag!

MARC

LEADER 00000nam a2200000 a 4500
001 UCX6458
003 CL-VaPUC
008 930615e19890000SP |||||||||||||||||spa|d
082 0 4 |a 501  |b ELE  |2 21 
100 0 |a Elena, Alberto  |e author  |9 322938 
245 1 0 |a A hombros de gigantes 
246 1 0 |a Estudios sobre la primera revolución científica 
300 |a 196 p 
942 |c BK 
945 |d 19930615 00:00:00 
260 |a Madrid  |b Alianza  |c 1989 
650 0 |a Filosofía de las ciencias  |9 256466 
650 7 |a CIENCIA HISTORIA  |2 CL-VaPUC  |9 263304 
583 |a last modification  |c 19930615 00:00:00  |k Rodrigo Vera 
490 0 |a Alianza universidad, 586 
999 |c 226469  |d 226467 
952 |0 0  |1 0  |4 0  |6 501_000000000000000_ELE_1989  |7 0  |8 A  |9 224837  |a BIBEDU  |b BIBEDU  |d 2019-11-15  |i 3283704  |o 501 ELE 1989  |p 3283704  |r 2019-11-15  |w 2019-11-15  |y BK  |k FIL